<?xml version="1.0" encoding="UTF-8"?>
<collection xmlns="http://www.loc.gov/MARC21/slim">
 <record>
  <leader>01400nam a2200205Ia 4500</leader>
  <controlfield tag="001">CTU_83258</controlfield>
  <controlfield tag="008">210402s9999    xx            000 0 und d</controlfield>
  <datafield tag="082" ind1=" " ind2=" ">
   <subfield code="a">634.44</subfield>
  </datafield>
  <datafield tag="082" ind1=" " ind2=" ">
   <subfield code="b">B100</subfield>
  </datafield>
  <datafield tag="088" ind1=" " ind2=" ">
   <subfield code="a">040100</subfield>
  </datafield>
  <datafield tag="100" ind1=" " ind2=" ">
   <subfield code="a">Trần, Thị Kim Ba</subfield>
  </datafield>
  <datafield tag="245" ind1=" " ind2="0">
   <subfield code="a">Khảo sát sự thay đổi đặc tính sinh lý- sinh hoá và ảnh hưởng của tỷ trọng trái và benzyl adenine đến tiến trình chín của xoài cát Hoà Lộc</subfield>
  </datafield>
  <datafield tag="245" ind1=" " ind2="0">
   <subfield code="c">Trần Thị Kim Ba</subfield>
  </datafield>
  <datafield tag="260" ind1=" " ind2=" ">
   <subfield code="a">Cần Thơ</subfield>
  </datafield>
  <datafield tag="260" ind1=" " ind2=" ">
   <subfield code="b">Trường Đại học Cần Thơ</subfield>
  </datafield>
  <datafield tag="260" ind1=" " ind2=" ">
   <subfield code="c">1998</subfield>
  </datafield>
  <datafield tag="520" ind1=" " ind2=" ">
   <subfield code="a">Tiến trình chín của xoài Cát Hòa Lộc xảy ra rất nhanh. Đỉnh hô hấp và ethylene xảy ra chỉ trong hai ngày sau khi thu hoạch, cùng lúc đó chỉ số diệp lục tố giảm nhanh và độ cứng giảm có ý nghĩa thống kê 1%. Sau thu hoạch 6 ngày bắt đầu mềm và toả hương thơm. Đến ngày thứ 8 trái mềm hoàn toàn. Chất điều hòa sinh trưởng benzyl adenine có khả năng làm chậm tiến trình chín của xoài Cát Hoà lộc khi được xử lý ở nồng độ 100pm.</subfield>
  </datafield>
  <datafield tag="650" ind1=" " ind2=" ">
   <subfield code="a">Fruit trees,Mango,Plants, protection of</subfield>
  </datafield>
  <datafield tag="904" ind1=" " ind2=" ">
   <subfield code="i">Truc, QHieu</subfield>
  </datafield>
  <datafield tag="980" ind1=" " ind2=" ">
   <subfield code="a">Trung tâm Học liệu Trường Đại học Cần Thơ</subfield>
  </datafield>
 </record>
</collection>
